| 000 | 00542nam a22002057a 4500 | ||
|---|---|---|---|
| 003 | OSt | ||
| 005 | 20140310181949.0 | ||
| 008 | 130725t xxu||||| |||| 00| 0 eng d | ||
| 020 | _a0590213113 | ||
| 050 |
_aPZ 7 _b.D199 1998 |
||
| 082 |
_aKF D23p _b1998 |
||
| 100 |
_aDanziger, Paula _94178 |
||
| 245 |
_aP. S. longer letter / _cPaula Danziger, Ann M. Martin. |
||
| 260 |
_aNew York : _bScholastic Inc, _cc1998. |
||
| 300 |
_a234 p. _c19 cm. |
||
| 541 | _j1 | ||
| 562 | _e1 | ||
| 650 |
_aFiction _9746 |
||
| 942 |
_2lcc _cBK-KF _kKF |
||
| 999 |
_c7826 _d7826 |
||